| 000 | 00791cam a2200289 4500 | ||
|---|---|---|---|
| 008 | 090401t1989 xxu||||| |||| 00| 0 eng d | ||
| 020 | _a041914790X | ||
| 035 | _a(Sirsi) u17717 | ||
| 041 | _aeng | ||
| 050 | _a333.336 | ||
| 100 | _aMorley, Stuart | ||
| 245 | _aIndustrial and business space development :implementation and urban renewal | ||
| 260 |
_aLondon _bE.and F.N.Spon _c1989 |
||
| 300 | _axi,303p. : ill. ; 24cm. | ||
| 350 | _a27.5 | ||
| 650 | _aDEVELOPMENT APPRAISAL | ||
| 650 | _aINDUSTRIAL PROPERTY | ||
| 650 | _aINNER CITY REDEVELOPMENT | ||
| 650 | _aPROPERTY FINANCE | ||
| 650 | _aPROPERTY INVESTMENT | ||
| 650 | _aPUBLIC SECTOR | ||
| 700 | _aMarsh, Chris | ||
| 700 | _aMcIntosh, Angus | ||
| 700 | _aMartinos, Haris | ||
| 942 | _n0 | ||
| 948 | _c04/03/1997 | ||
| 999 |
_c87542 _d87542 |
||